Welsh Picture Quiz - Click to Translate #2 - Statistics

General Stats
  • This quiz has been taken 27 times
  • The average score is 17 of 28
Answer Stats
Hint Answer % Correct
Teledu 📺
88%
Ffenestr 🪟
82%
Bisged 🍪
82%
Rhosyn 🌹
82%
Cyfrifiadur 💻
71%
Ymbarel ☂️
71%
Mynydd 🗻
71%
Eira ❄️
71%
Dant 🦷
65%
Hufen iâ 🍦
65%
Siôn Corn 🎅
65%
Bara 🍞
59%
Mochyn 🐖
59%
Broga 🐸
53%
Môr 🌊
53%
Cwningen 🐇
53%
Cwtsh 🫂
53%
Cadair 🪑
53%
Haul ☀️
53%
Clust 👂
53%
Llygoden 🐀
47%
Llew 🦁
47%
Crys 👕
47%
Ystlym 🦇
47%
Sebon 🧼
47%
Gwely 🛌
41%
Eglwys ⛪️
41%
Tylwythen deg 🧚‍♀️
41%
No matching quizzes found
Score Distribution
Percent of People with Each Score
Percentile by Number Answered
Your Score History
You have not taken this quiz